000 00669nam a2200193Ia 4500
003 GCL
008 140319s9999 xx 000 0 ara d
040 _aGCL /
_cGCL
082 0 4 _a001.6424
_bم و
100 1 _aمحمد جمال احمد قبيعة
245 1 0 _aوورد ستار Word star 7.0 /
_cمحمد جمال احمد قبيعة
260 _a[S.N] :
_bدار الراتب الجامعية ،
_c1993
300 _a256 ص
490 _aالمبرمج العربى المتطور
_v0
650 0 4 _aالحاسبات الالكترونية
650 0 4 _aوورد ستار
650 0 4 _aالحاسبات الالكترونية - برامج
942 _2ddc
_cBK
999 _c55614
_d55614